Datum a čas kvízu
31.5
Celkem bodů
Celkový počet nahraných bodů na tomto kvízu bez doplňovacích otázek.
1.
Pořadí na kvízu
Konečné umístění týmu na tomto kvízu.
Zaznamenané odpovědi
| # | Otázka | Odpověď | Body | Výsledky |
|---|---|---|---|---|
| 1. | Tělo nosorožce Súdána, který b... | v Keni | 0 | |
| 2. | Většina evropských zemí přešla... | o Libanonu | 1 | |
| 3. | Minulý týden bylo oznámeno, že... | Bohumil Hrabal | 1 | |
| 4. | Minulý týden došlo v české ene... | Westinghouse | 1 | |
| 5. | Lionel Messi se definitivně za... | odhalení sochy | 0 | |
| 6. | V tomto tématu bude vaším úkol... | Za humny je drak | 1 | |
| 7. | Doplňte slovo, kterým končí zn... | Homolka | 1 | |
| 8. | Seřaďte následující hlášky pod... | 1D 2B 3A 4C | 0 | |
| 9. | Věta „Děda je hodný, ale překá... | Na samotě u lesa, Komárek | 1 | |
| 10. | Pěti slovy dokončete hlášku z... | nebo se z toho zblázníš | 1 |